[Event "6th Porticcio Open 2019"]
[Site "Porticcio"]
[Date "2019.07.04"]
[Round "7.3"]
[White "Prithu Gupta"]
[Black "Kovchan, Alexander"]
[Result "1/2-1/2"]
[WhiteElo "2470"]
[BlackElo "2566"]
[Annotator "ChessBase"]
[PlyCount "72"]
[EventDate "2019.06.23"]
[EventType "swiss"]
[EventCountry "FRA"]
[SourceTitle "playchess.com"]
[Source "ChessBase"]
[SourceQuality "1"]
[TimeControl "5400+30"]

1. c4 {[%emt 0:03:31]} Nf6 {[%emt 0:00:00]} 2. Nc3 {[%emt 0:00:20]} d5 {[%emt 0:00:00]} 3. cxd5 {[%emt 0:00:09]} Nxd5 {[%emt 0:00:00]} 4. g3 {[%emt 0:00:08]} e5 {[%emt 0:04:54]} 5. Bg2 {[%emt 0:00:05]} Nxc3 {[%emt 0:01:40]} 6. bxc3 {[%emt 0:00:10]} c5 {[%emt 0:00:19]} 7. Nf3 {[%emt 0:00:54]} Nc6 {[%emt 0:00:32]} 8. O-O {[%emt 0:00:05]} Be7 {[%emt 0:00:37]} 9. d4 {[%emt 0:00:05]} exd4 {[%emt 0:02:18]} 10. cxd4 {[%emt 0:00:03]} cxd4 {[%emt 0:11:31]} 11. Bb2 {[%emt 0:00:05]} Bf6 {[%emt 0:02:05]} 12. Ba3 {[%emt 0:00:05]} Be7 {[%emt 0:03:21]} 13. Bb2 {[%emt 0:00:10]} Bf6 {[%emt 0:00:11]} 14. Ba3 {[%emt 0:00:05]} Be7 {[%emt 0:00:07]} 15. Bxe7 {[%emt 0:00:04]} Qxe7 {[%emt 0:00:21]} 16. Nxd4 {[%emt 0:00:04]} Nxd4 {[%emt 0:00:18]} 17. Qxd4 {[%emt 0:00:05]} O-O {[%emt 0:00:06]} 18. a4 {[%emt 0:00:07]} Rd8 {[%emt 0:02:51]} 19. Qe4 {[%emt 0:10:39]} Qxe4 {[%emt 0:06:02]} 20. Bxe4 {[%emt 0:00:02]} Rb8 {[%emt 0:00:47]} 21. Rfd1 {[%emt 0:03:28]} Bd7 {[%emt 0:04:44]} 22. a5 {[%emt 0:01:28]} Bb5 {[%emt 0:06:05]} 23. Bxb7 {[%emt 0:05:23]} Bxe2 {[%emt 0:00:52]} 24. Rxd8+ {[%emt 0:03:25]} Rxd8 {[%emt 0:00:03]} 25. Re1 {[%emt 0:04:06]} Rd1 {[%emt 0:01:23]} 26. Rxd1 {[%emt 0:00:05]} Bxd1 {[%emt 0:00:05]} 27. f4 {[%emt 0:00:05]} Kf8 {[%emt 0:00:04]} 28. Kf2 {[%emt 0:00:04]} Ke7 {[%emt 0:00:04]} 29. Ke3 {[%emt 0:00:04]} Kd6 {[%emt 0:00:04]} 30. Kd4 {[%emt 0:00:04]} f6 {[%emt 0:01:14]} 31. Be4 {[%emt 0:00:39]} h6 {[%emt 0:00:08]} 32. h4 {[%emt 0:00:57]} Be2 {[%emt 0:01:38]} 33. Bg2 {[%emt 0:00:17]} Bb5 {[%emt 0:00:47]} 34. Be4 {[%emt 0:00:20]} Be2 {[%emt 0:00:21]} 35. Bg2 {[%emt 0:00:04]} Bb5 {[%emt 0:00:07]} 36. Be4 {[%emt 0:00:03]} Be2 {[%emt 0:00:08]} 1/2-1/2

[Event "6th Porticcio Open 2019"]
[Site "Porticcio"]
[Date "2019.07.04"]
[Round "7.4"]
[White "Onischuk, Vladimir"]
[Black "Zhigalko, Sergei"]
[Result "1-0"]
[WhiteElo "2630"]
[BlackElo "2594"]
[Annotator "TA"]
[PlyCount "59"]
[EventDate "2019.06.23"]
[EventType "swiss"]
[EventCountry "FRA"]
[SourceTitle "playchess.com"]
[Source "ChessBase"]
[SourceQuality "1"]

{[%evp 19,59,23,38,20,28,16,32,29,26,34,32,18,18,17,20,13,20,13,49,35,43,27,125,120,112,108,131,61,62,57,175,176,254,236,224,240,252,257,235,234,1720,1579]} 1. e4 c5 2. Nc3 Nc6 3. Nf3 e5 4. Bc4 d6 5. d3 Be7 6. Nd2 Nf6 7. Nf1 Bg4 8. f3 Be6 9. Ne3 O-O 10. O-O Rb8 11. Bd2 {B30: Sicilian: 2...Nc6 3 Bb5, lines without ...g6} Nd7 $146 ({Predecessor:} 11... Nd4 12. a4 Nd7 13. Ned5 Nb6 14. Nxb6 Qxb6 15. b3 Qd8 16. Nd5 Bg5 17. f4 exf4 18. Bxf4 Bxf4 19. Nxf4 {½-½ (34) Leko,P (2751)-Radjabov,T (2761) Nice 2009}) 12. Ned5 Bg5 13. a4 {White is slightly better.} Bxd2 14. Qxd2 Nb6 15. f4 exf4 16. Qxf4 Nxc4 17. dxc4 Nd4 18. Rf2 f5 19. Raf1 $36 {[%mdl 2048] Black is under pressure.} h6 20. Qg3 f4 (20... Qd7 $11) 21. Rxf4 $16 Rxf4 22. Qxf4 Bxd5 23. cxd5 (23. exd5 $16 Qe7 24. Qe4) 23... Qe7 $14 24. Rf2 a6 (24... Re8 $14) 25. Nd1 $1 $18 {[%cal Bc3d1,Bd1e3,Be3f5][%mdl 32]} Re8 {[#]} (25... Qg5 $142 26. Qxg5 (26. Qxd6 Re8 $16) 26... hxg5) 26. c3 $1 Nb3 {[#]} 27. Ne3 $1 Qxe4 28. Qf7+ Kh7 {[#]} 29. Nf5 $1 {[%csl Gf5][%cal Rf7g7][%mdl 576] Double Attack} Qe5 $2 {[#]} (29... Rg8) 30. Re2 $1 {[%mdl 512] Accuracy: White = 67%, Black = 34%.} 1-0

[Event "6th Porticcio Open 2019"]
[Site "Porticcio"]
[Date "2019.07.04"]
[Round "7.5"]
[White "Vocaturo, Daniele"]
[Black "Sengupta, Deep"]
[Result "1-0"]
[WhiteElo "2612"]
[BlackElo "2559"]
[Annotator "TA"]
[PlyCount "59"]
[EventDate "2019.06.23"]
[EventType "swiss"]
[EventCountry "FRA"]
[SourceTitle "playchess.com"]
[Source "ChessBase"]
[SourceQuality "1"]

{[%evp 12,59,47,48,67,44,49,59,50,47,45,52,81,81,256,268,262,262,265,271,266,273,264,272,270,264,300,287,316,332,396,329,385,379,422,383,515,513,504,502,661,665,726,673,781,791,765,751,796,737]} 1. e4 e5 2. Nf3 Nf6 3. Nxe5 Nxe4 4. Qe2 Qe7 5. Qxe4 d6 6. d4 dxe5 7. dxe5 Nc6 {C42: Petroff Defence: 3 Nxe5 and unusual White 3rd moves} 8. Nc3 (8. Bb5 {with more complications.} Qb4+ 9. Nc3 Bd7 10. Bc4 O-O-O 11. a3) 8... Qxe5 9. Qxe5+ (9. Bf4 Qxe4+ 10. Nxe4 Bf5 11. Bd3 O-O-O 12. O-O-O Bg6 13. a3 Rd4 14. Rhe1 f5 15. Ng3 Rxf4 16. Bxf5+ Rxf5 17. Nxf5 {0-1 (70) Andriasian,Z (2604)-Ponkratov,P (2630) chess.com INT 2019}) 9... Nxe5 {White is slightly better.} 10. Bf4 Bd6 11. Bg3 O-O 12. O-O-O Bf5 $2 {[#]} (12... f5 $16) 13. Rd5 $146 ({Predecessor:} 13. Nb5 Rfd8 14. Be2 a6 15. Nxd6 cxd6 {1-0 (47) Mellado Trivino,J (2423)-Jimenez de la Torre,J (2186) Seville 2005}) 13... Be6 14. Bxe5 Bxd5 15. Bxd6 Bxg2 16. Bxg2 cxd6 17. Bxb7 Rae8 18. Bc6 Re6 19. b4 {[%cal Bb2b4,Bb4b5][%mdl 32]} Rf6 20. f3 g5 21. Nd5 Re6 22. Kd2 Kg7 23. b5 f5 24. a4 {[%cal Ba2a4,Ba4a5][%mdl 32] White is clearly winning.} g4 25. f4 Re4 26. Ra1 h5 27. a5 Rc8 28. Kd3 h4 29. c3 h3 30. a6 {Played: Bc6-d7} 1-0

[Event "6th Porticcio Open 2019"]
[Site "Porticcio"]
[Date "2019.07.04"]
[Round "7.6"]
[White "Fedorchuk, Sergey A."]
[Black "Sonis, Francesco"]
[Result "1-0"]
[WhiteElo "2631"]
[BlackElo "2498"]
[Annotator "TA"]
[PlyCount "63"]
[EventDate "2019.06.23"]
[EventType "swiss"]
[EventCountry "FRA"]
[SourceTitle "playchess.com"]
[Source "ChessBase"]
[SourceQuality "1"]

{[%evp 14,63,45,38,44,-23,-37,-35,-34,-34,0,5,28,38,39,44,24,24,31,15,43,39,39,35,39,51,145,145,140,147,133,138,474,475,994,604,594,592,2387,1569,29989,29990,29990,29991,29991,29992,29992,29973,29973,5206,1538,-13]} 1. e4 c5 2. Nf3 d6 3. d4 cxd4 4. Nxd4 Nf6 5. Nc3 a6 6. Be2 Nbd7 7. Be3 e6 8. g4 h6 {B84: Sicilian Scheveningen: 6 Be2 a6, lines without early Be3} 9. Qd2 (9. f4 $1 $14) 9... b5 $1 $11 10. a3 Bb7 {Black is slightly better.} (10... Qc7 11. O-O-O Ne5 12. f3 Rb8 13. Ndxb5 axb5 14. Nxb5 Qb7 15. Ba7 Ra8 16. Nxd6+ Bxd6 17. Qxd6 {1-0 (35) Eljanov,P (2711)-Inarkiev,E (2689) Riadh 2017}) 11. f3 Rc8 12. h4 Nb6 13. O-O-O $36 {[%mdl 2048] White has the initiative.} Nfd7 $1 14. Nb3 d5 $146 ({Predecessor:} 14... Qc7 15. Na5 Ba8 16. Bxb5 axb5 17. Nxb5 {½-½ (38) Hirneise,T (2481)-Vera Gonzalez Quevedo,R (2493) Budapest 2008}) 15. Na5 Ba8 16. exd5 Nxd5 17. Nxd5 Bxd5 18. Bd4 Qc7 19. Kb1 $1 Ne5 ({Better is} 19... Bd6 $1 $14) 20. Bxe5 $16 Qxe5 {[#]} 21. c4 $1 {[%mdl 512]} bxc4 {[#]} 22. Bxc4 $1 {[%mdl 512] Rhe1 is the strong threat.} Rd8 $2 {[%mdl 8192]} (22... Be7 $16 {is more resistant.}) (22... Rxc4 23. Nxc4) 23. Qc2 $18 Bxf3 (23... Bxa3 $142 24. Qa4+ (24. bxa3 Rb8+ 25. Nb3 Bxf3 $16) 24... Rd7 25. Qxa3 Qd6 26. Qxd6 Rxd6 27. Bxd5 Rxd5 28. Rxd5 exd5) 24. Rxd8+ Kxd8 25. Qd3+ {[%mdl 64] Double Attack} Ke8 26. Qxf3 Qxa5 27. Qc6+ {[%mdl 64] Double Attack} Ke7 28. Rf1 Qe5 29. Qb7+ Ke8 30. Qxf7+ Kd8 31. Bxe6 (31. Rd1+ $142 Bd6 32. Bxe6 Qe4+ {[#]} 33. Ka2 $1 {[%mdl 512]} Qc6 34. Rc1 $1 {[%mdl 512]} Rf8 35. Qxg7 Bc5 36. Rd1+ Bd6 37. Qxf8+ {[%mdl 64] Double Attack} Kc7 38. Qxh6) 31... Qc7 32. Qxf8+ $2 {[%mdl 32768] Accuracy: White = 73%, Black = 39%. . Loss on time!?} (32. Rd1+ $18 Bd6 33. Qf3) 1-0

[Event "6th Porticcio Open 2019"]
[Site "Porticcio"]
[Date "2019.07.04"]
[Round "7.7"]
[White "Krasenkow, Michal"]
[Black "Can, Isik"]
[Result "1-0"]
[WhiteElo "2620"]
[BlackElo "2379"]
[Annotator "ChessBase"]
[PlyCount "61"]
[EventDate "2019.06.23"]
[EventType "swiss"]
[EventCountry "FRA"]
[SourceTitle "playchess.com"]
[Source "ChessBase"]
[SourceQuality "1"]
[TimeControl "5400+30"]

1. d4 {[%emt 0:00:00]} d5 {[%emt 0:00:00]} 2. c4 {[%emt 0:00:00]} c6 {[%emt 0:00:00]} 3. Nc3 {[%emt 0:00:00]} Nf6 {[%emt 0:00:00]} 4. e3 {[%emt 0:00:00]} Bf5 {[%emt 0:00:00]} 5. cxd5 {[%emt 0:00:01]} cxd5 {[%emt 0:00:09]} 6. Qb3 {[%emt 0:00:04]} Nc6 {[%emt 0:00:08]} 7. Qxb7 {[%emt 0:00:03]} Bd7 {[%emt 0:00:05]} 8. Qb3 {[%emt 0:00:05]} Rb8 {[%emt 0:00:07]} 9. Qd1 {[%emt 0:00:03]} e5 {[%emt 0:00:05]} 10. dxe5 {[%emt 0:00:04]} Nxe5 {[%emt 0:00:06]} 11. Nge2 {[%emt 0:00:03]} Bc5 {[%emt 0:07:32]} 12. Nd4 {[%emt 0:00:15]} Ne4 {[%emt 0:14:04]} 13. Bb5 {[%emt 0:12:13]} Bxb5 {[%emt 0:05:55]} 14. Ndxb5 {[%emt 0:00:14]} Rxb5 {[%emt 0:00:12]} 15. Nxb5 {[%emt 0:00:10]} Bb4+ {[%emt 0:00:06]} 16. Kf1 {[%emt 0:01:57]} Qh4 {[%emt 0:03:40]} 17. Qe2 {[%emt 0:11:39]} O-O {[%emt 0:03:00]} 18. a3 {[%emt 0:07:17]} Ba5 {[%emt 0:14:39]} 19. Nd4 {[%emt 0:07:10]} Ng4 {[%emt 0:20:12]} 20. Nf5 {[%emt 0:10:34]} Qg5 {[%emt 0:05:18]} 21. Ne7+ {[%emt 0:07:37]} Kh8 {[%emt 0:02:18]} 22. f4 {[%emt 0:10:36]} Qxe7 {[%emt 0:07:06]} 23. Qxg4 {[%emt 0:00:14]} d4 {[%emt 0:00:11]} 24. exd4 {[%emt 0:02:10]} Re8 {[%emt 0:03:58]} 25. Qd1 {[%emt 0:05:41]} Qh4 {[%emt 0:06:21]} 26. Be3 {[%emt 0:00:09]} g5 {[%emt 0:03:50]} 27. fxg5 {[%emt 0:10:04]} Bd2 {[%emt 0:02:35]} 28. Qf3 {[%emt 0:01:03]} Kg8 {[%emt 0:00:01]} 29. Rd1 {[%emt 0:03:57]} Nxg5 {[%emt 0:00:29]} 30. Qf2 {[%emt 0:00:59]} Qg4 {[%emt 0:00:34]} 31. Rxd2 1-0

[Event "6th Porticcio Open 2019"]
[Site "Porticcio"]
[Date "2019.07.04"]
[Round "7.8"]
[White "Van Wely, Loek"]
[Black "Boyer, Mahel"]
[Result "0-1"]
[WhiteElo "2604"]
[BlackElo "2295"]
[Annotator "ChessBase"]
[PlyCount "150"]
[EventDate "2019.06.23"]
[EventType "swiss"]
[EventCountry "FRA"]
[SourceTitle "playchess.com"]
[Source "ChessBase"]
[SourceQuality "1"]
[TimeControl "5400+30"]

1. d4 {[%emt 0:01:16]} Nf6 {[%emt 0:00:00]} 2. c4 {[%emt 0:00:06]} c5 {[%emt 0:00:00]} 3. d5 {[%emt 0:00:08]} e6 {[%emt 0:00:00]} 4. Nc3 {[%emt 0:00:09]} exd5 {[%emt 0:00:00]} 5. cxd5 {[%emt 0:00:08]} d6 {[%emt 0:00:00]} 6. e4 {[%emt 0:00:07]} g6 {[%emt 0:00:00]} 7. f4 {[%emt 0:00:06]} Bg7 {[%emt 0:00:00]} 8. Bb5+ {[%emt 0:00:06]} Nfd7 {[%emt 0:00:03]} 9. Bd3 {[%emt 0:00:09]} O-O {[%emt 0:04:42]} 10. Nf3 {[%emt 0:00:40]} Qa5 {[%emt 0:00:05]} 11. Bd2 {[%emt 0:05:54]} Na6 {[%emt 0:02:20]} 12. a3 {[%emt 0:14:53]} Re8 {[%emt 0:07:10]} 13. Rb1 {[%emt 0:15:18]} Nf6 {[%emt 0:13:53]} 14. O-O {[%emt 0:10:53]} c4 {[%emt 0:02:01]} 15. Bc2 {[%emt 0:00:11]} b5 {[%emt 0:04:04]} 16. Kh1 {[%emt 0:04:27]} Qb6 {[%emt 0:04:51]} 17. Qe1 {[%emt 0:07:35]} Nc5 {[%emt 0:04:24]} 18. Be3 {[%emt 0:00:50]} Bb7 {[%emt 0:08:18]} 19. Rd1 {[%emt 0:03:14]} a6 {[%emt 0:08:10]} 20. e5 {[%emt 0:09:10]} dxe5 {[%emt 0:08:14]} 21. fxe5 {[%emt 0:00:25]} Ng4 {[%emt 0:00:03]} 22. Bd4 {[%emt 0:04:20]} Nxe5 {[%emt 0:01:02]} 23. Nxe5 {[%emt 0:07:16]} Bxe5 {[%emt 0:03:49]} 24. Bxe5 {[%emt 0:05:15]} Nd7 {[%emt 0:00:25]} 25. Qh4 {[%emt 0:00:24]} Rxe5 {[%emt 0:00:57]} 26. Ne4 {[%emt 0:05:31]} Bxd5 {[%emt 0:04:54]} 27. Ng5 {[%emt 0:00:21]} Nf8 {[%emt 0:00:50]} 28. Qf4 {[%emt 0:01:21]} f6 {[%emt 0:00:24]} 29. Nf3 {[%emt 0:01:37]} Bxf3 {[%emt 0:00:39]} 30. Qxf3 Rae8 {[%emt 0:00:04]} 31. b3 {[%emt 0:00:40]} cxb3 {[%emt 0:00:27]} 32. Bxb3+ {[%emt 0:00:40]} Kg7 {[%emt 0:00:02]} 33. Rc1 {[%emt 0:00:35]} Rf5 {[%emt 0:02:14]} 34. Qc3 {[%emt 0:00:08]} Rxf1+ {[%emt 0:00:10]} 35. Rxf1 {[%emt 0:00:01]} Nd7 {[%emt 0:03:22]} 36. h3 Ne5 {[%emt 0:00:27]} 37. Rc1 {[%emt 0:00:57]} Rd8 {[%emt 0:00:27]} 38. Qb4 {[%emt 0:01:38]} Qd6 {[%emt 0:04:59]} 39. Qa5 {[%emt 0:00:01]} Rd7 {[%emt 0:00:21]} 40. Rc8 {[%emt 0:00:30]} Nd3 {[%emt 0:00:18]} 41. Qd2 {[%emt 0:01:29]} Qf4 {[%emt 0:00:20]} 42. Qxf4 {[%emt 0:01:31]} Nxf4 {[%emt 0:00:01]} 43. a4 {[%emt 0:00:31]} Rd3 {[%emt 0:01:30]} 44. Rc7+ {[%emt 0:00:27]} Kh6 {[%emt 0:01:10]} 45. Bg8 {[%emt 0:00:09]} bxa4 {[%emt 0:01:01]} 46. Rxh7+ {[%emt 0:00:45]} Kg5 {[%emt 0:00:02]} 47. Ra7 {[%emt 0:00:43]} Kh4 {[%emt 0:02:03]} 48. Kh2 {[%emt 0:00:17]} Rd2 {[%emt 0:00:01]} 49. Rh7+ {[%emt 0:00:12]} Kg5 {[%emt 0:00:03]} 50. Kg3 {[%emt 0:00:14]} Rxg2+ {[%emt 0:01:18]} 51. Kf3 {[%emt 0:00:01]} Rc2 {[%emt 0:00:09]} 52. h4+ {[%emt 0:00:43]} Kf5 {[%emt 0:00:04]} 53. Ra7 {[%emt 0:00:08]} Rc3+ {[%emt 0:00:12]} 54. Kf2 {[%emt 0:00:04]} Nd3+ {[%emt 0:03:42]} 55. Ke3 {[%emt 0:02:14]} Nb4+ {[%emt 0:00:09]} 56. Kd4 {[%emt 0:00:11]} Nc6+ {[%emt 0:01:41]} 57. Kxc3 {[%emt 0:00:02]} Nxa7 {[%emt 0:00:04]} 58. Bh7 {[%emt 0:00:37]} Nb5+ {[%emt 0:02:04]} 59. Kb4 {[%emt 0:00:02]} a3 {[%emt 0:01:04]} 60. Kb3 {[%emt 0:00:54]} Kg4 {[%emt 0:01:59]} 61. Bxg6 {[%emt 0:00:05]} Kxh4 {[%emt 0:00:04]} 62. Be4 {[%emt 0:00:38]} Kg4 {[%emt 0:01:33]} 63. Bb7 {[%emt 0:00:40]} Nc7 {[%emt 0:00:04]} 64. Kxa3 {[%emt 0:00:10]} f5 {[%emt 0:00:02]} 65. Bc8 {[%emt 0:01:03]} Kg5 {[%emt 0:00:02]} 66. Kb4 {[%emt 0:00:44]} f4 {[%emt 0:00:02]} 67. Kc5 {[%emt 0:01:16]} f3 {[%emt 0:00:13]} 68. Kb6 {[%emt 0:00:35]} f2 {[%emt 0:00:04]} 69. Bh3 {[%emt 0:00:06]} Kh4 {[%emt 0:00:30]} 70. Bf1 {[%emt 0:00:04]} Kg3 {[%emt 0:00:08]} 71. Bc4 {[%emt 0:00:16]} Kg2 {[%emt 0:01:10]} 72. Kxc7 {[%emt 0:00:13]} a5 {[%emt 0:00:01]} 73. Kb6 {[%emt 0:00:10]} a4 {[%emt 0:00:03]} 74. Kc5 {[%emt 0:00:06]} a3 {[%emt 0:00:02]} 75. Kd4 {[%emt 0:00:12]} a2 {[%emt 0:00:07]} 0-1

[Event "6th Porticcio Open 2019"]
[Site "Porticcio"]
[Date "2019.07.05"]
[Round "8.1"]
[White "Sadhwani, Raunak"]
[Black "Lagarde, Maxime"]
[Result "1/2-1/2"]
[WhiteElo "2482"]
[BlackElo "2599"]
[Annotator "ChessBase"]
[PlyCount "111"]
[EventDate "2019.06.23"]
[EventType "swiss"]
[EventCountry "FRA"]
[SourceTitle "playchess.com"]
[Source "ChessBase"]
[SourceQuality "1"]
[TimeControl "5400+30"]

1. Nf3 {[%emt 0:00:00]} c5 {[%emt 0:09:36]} 2. c4 {[%emt 0:00:00]} Nf6 {[%emt 0:00:26]} 3. Nc3 {[%emt 0:00:00]} d5 {[%emt 0:00:15]} 4. cxd5 {[%emt 0:00:00]} Nxd5 {[%emt 0:00:02]} 5. e4 {[%emt 0:00:00]} Nb4 {[%emt 0:01:26]} 6. Bc4 {[%emt 0:00:07]} Nd3+ {[%emt 0:00:21]} 7. Ke2 {[%emt 0:00:05]} Nf4+ {[%emt 0:00:18]} 8. Kf1 {[%emt 0:00:05]} Ne6 {[%emt 0:00:34]} 9. Ne5 {[%emt 0:00:07]} Nc6 {[%emt 0:05:06]} 10. Nxc6 {[%emt 0:23:13]} bxc6 {[%emt 0:00:03]} 11. h4 {[%emt 0:03:22]} Nd4 {[%emt 0:09:57]} 12. h5 {[%emt 0:01:25]} e5 {[%emt 0:02:49]} 13. b3 {[%emt 0:03:48]} Bd6 {[%emt 0:08:13]} 14. Na4 {[%emt 0:06:51]} O-O {[%emt 0:01:49]} 15. Ba3 {[%emt 0:01:29]} Kh8 {[%emt 0:01:16]} 16. h6 {[%emt 0:00:33]} g6 {[%emt 0:02:25]} 17. Bxc5 {[%emt 0:00:15]} Bxc5 {[%emt 0:01:11]} 18. Nxc5 {[%emt 0:00:06]} Qe7 {[%emt 0:11:53]} 19. b4 {[%emt 0:02:44]} a5 {[%emt 0:02:07]} 20. Nb3 {[%emt 0:00:56]} Qxb4 {[%emt 0:01:52]} 21. Rc1 {[%emt 0:01:13]} Ne6 {[%emt 0:02:00]} 22. Qf3 {[%emt 0:07:07]} f6 {[%emt 0:03:52]} 23. Qc3 {[%emt 0:02:56]} Qxc3 {[%emt 0:02:50]} 24. Rxc3 {[%emt 0:00:04]} a4 {[%emt 0:01:49]} 25. Bxe6 {[%emt 0:01:38]} Bxe6 {[%emt 0:00:15]} 26. Nc5 {[%emt 0:02:00]} Bxa2 {[%emt 0:00:33]} 27. Ke2 {[%emt 0:00:28]} Rfd8 {[%emt 0:05:21]} 28. Ra1 {[%emt 0:00:31]} Bf7 {[%emt 0:00:07]} 29. Rxa4 {[%emt 0:00:34]} Rxa4 {[%emt 0:00:39]} 30. Nxa4 {[%emt 0:00:02]} Kg8 {[%emt 0:03:40]} 31. Nc5 {[%emt 0:00:39]} Re8 {[%emt 0:06:48]} 32. Nd7 {[%emt 0:01:47]} Re6 {[%emt 0:00:06]} 33. Rf3 {[%emt 0:00:13]} f5 {[%emt 0:00:53]} 34. exf5 {[%emt 0:00:10]} gxf5 {[%emt 0:00:09]} 35. Rxf5 {[%emt 0:00:15]} Rxh6 {[%emt 0:00:13]} 36. Rg5+ {[%emt 0:00:24]} Kh8 {[%emt 0:00:54]} 37. Nxe5 {[%emt 0:00:06]} Bd5 {[%emt 0:00:30]} 38. f3 {[%emt 0:01:24]} Rh1 {[%emt 0:00:44]} 39. Ng4 {[%emt 0:00:33]} Rc1 {[%emt 0:03:00]} 40. Kd3 {[%emt 0:00:34]} Rg1 {[%emt 0:01:33]} 41. Nf6 {[%emt 0:02:07]} Bf7 {[%emt 0:00:04]} 42. Kd4 {[%emt 0:04:17]} Bg6 {[%emt 0:04:11]} 43. Nd7 {[%emt 0:01:33]} Kg7 {[%emt 0:00:20]} 44. Ne5 {[%emt 0:00:59]} Kf6 {[%emt 0:01:04]} 45. f4 {[%emt 0:00:12]} Rd1 {[%emt 0:02:56]} 46. d3 {[%emt 0:01:01]} c5+ {[%emt 0:01:48]} 47. Ke3 {[%emt 0:00:09]} Bf5 {[%emt 0:01:21]} 48. g4 {[%emt 0:00:45]} Re1+ {[%emt 0:00:13]} 49. Kf3 {[%emt 0:01:27]} Rxe5 {[%emt 0:00:03]} 50. gxf5 {[%emt 0:00:11]} Rxf5 {[%emt 0:02:13]} 51. Rg8 {[%emt 0:01:11]} Rd5 {[%emt 0:00:08]} 52. Ke4 {[%emt 0:00:03]} Rd4+ {[%emt 0:00:04]} 53. Ke3 {[%emt 0:00:07]} Rd5 {[%emt 0:00:23]} 54. Ke4 {[%emt 0:05:37]} Rd4+ {[%emt 0:00:03]} 55. Ke3 {[%emt 0:00:03]} Rd5 {[%emt 0:00:03]} 56. Ke4 {[%emt 0:00:04] Ke5+} 1/2-1/2

[Event "6th Porticcio Open 2019"]
[Site "Porticcio"]
[Date "2019.07.05"]
[Round "8.2"]
[White "Prithu Gupta"]
[Black "Onischuk, Vladimir"]
[Result "1/2-1/2"]
[WhiteElo "2470"]
[BlackElo "2630"]
[Annotator "TA"]
[PlyCount "100"]
[EventDate "2019.06.23"]
[EventType "swiss"]
[EventCountry "FRA"]
[SourceTitle "playchess.com"]
[Source "ChessBase"]
[SourceQuality "1"]

{[%evp 15,100,0,16,14,24,11,23,17,12,16,18,13,22,24,53,23,33,39,51,-37,20,24,25,15,20,21,34,0,0,0,0,0,0,0,0,0,0,0,0,-5,-5,-53,-61,-58,-51,-62,-55,-69,-73,-93,-92,-129,-118,-136,-59,-86,-16,-20,-6,-4,0,0,0,-8,0,0,0,0,0,0,0,0,0,0,0,0,0,0,0,0,0,0,0,0,0,0,0]} 1. e4 d6 2. d4 Nf6 3. Nc3 g6 4. f4 Bg7 5. Nf3 O-O 6. e5 dxe5 7. fxe5 Nd5 8. Bc4 Be6 {[#] And now ...Nxc3 would win.} 9. Qe2 {B09: Pirc Defence: Austrian Attack} (9. Nxd5 Bxd5 10. Bxd5 Qxd5 11. Qe2 Nc6 12. c4 Qa5+ 13. Bd2 Qa6 14. d5 Na5 15. Rc1 b6 16. O-O Rad8 17. Bg5 f6 18. Bh4 Nb7 19. Nd4 Nc5 20. b4 Rxd5 21. cxd5 {1-0 (21) Salem,A (2656)-Mamedov,R (2688) Doha 2016}) 9... c5 10. Nxd5 Bxd5 11. Bxd5 {White has an edge.} Qxd5 12. c4 Qd7 13. d5 e6 14. d6 Nc6 $146 ({Predecessor:} 14... f6 15. Bf4 {½-½ (41) Szily,J-Sandor,B Budapest 1956}) 15. Bf4 f6 {Hoping for ...fxe5.} 16. O-O-O fxe5 17. Nxe5 (17. Bxe5 $14 Rxf3 18. Bxg7) 17... Bxe5 ({Black should play} 17... Nd4 $15 18. Rxd4 Bxe5 19. Bxe5 cxd4) 18. Bxe5 $11 Rf5 19. Bc3 e5 20. Qe4 {With the idea Qd5+.} Qf7 21. d7 {Threatening g4.} Rd8 22. Qd5 Nd4 23. Qxc5 Qxd7 24. Qxa7 Rf2 {( -> ...Qf5)} 25. Bxd4 $1 exd4 26. Qb6 Rxg2 27. Rhe1 Rxh2 $40 {[%mdl 128] Black attacks.} 28. Qf6 {Re7 is the strong threat.} Rf8 29. Rxd4 Qf7 30. Qxf7+ Rxf7 $15 {[%mdl 4096] Endgame KRR-KRR} 31. Rd2 Rh4 32. Rc2 h5 33. Rg1 Kg7 34. c5 Rf6 (34... Kh6 $17 35. c6 bxc6 36. Rxc6 Rg4 37. Rxg4 hxg4) 35. a3 {[#]} Ra4 (35... Rh3 $1 $17) 36. Rc3 $1 $11 {The position is equal.} Kh6 37. b4 {[%cal Bb2b4,Bb4b5][%mdl 32]} g5 38. b5 $1 Ra8 39. Kd2 h4 40. c6 Rd6+ 41. Ke2 Re6+ 42. Kf2 Rf8+ 43. Rf3 Rc8 44. Rf5 bxc6 45. Rgxg5 cxb5 46. Rh5+ Kg6 47. Rfg5+ Kf6 48. Rf5+ Kg6 49. Rfg5+ Kf6 50. Rf5+ Kg6 {Accuracy: White = 72%, Black = 51%.} 1/2-1/2